[Event "OSREDNJA SLOVENSKA LIGA 2025"]
[Site "gostovanja"]
[Date "2025.11.13"]
[Round "8.1"]
[White "Siraj, Svit"]
[Black "Sajovic, Marko"]
[Result "1-0"]
[WhiteElo "2122"]
[BlackElo "2030"]
[PlyCount "75"]
[EventDate "2025.09.18"]
[WhiteTeam "SD VRHNIKA"]
[BlackTeam "SK MEDVODE"]

1. e4 d5 2. exd5 Qxd5 3. Nc3 Qa5 4. Nf3 Nf6 5. d4 c6 6. Bd3 Bg4 7. O-O e6 8.
Ne4 Nbd7 9. Ng3 Bd6 10. h3 Bxg3 11. hxg4 Bd6 12. g5 Ng8 13. Re1 Ne7 14. c4 Qc7
15. Bd2 O-O 16. Re4 c5 17. b4 b6 18. dxc5 bxc5 19. b5 Ne5 20. Nxe5 Bxe5 21. Rb1
Rad8 22. Rb3 f5 23. gxf6 Rxf6 24. Bg5 Bh2+ 25. Kh1 Rxf2 26. Bxe7 Qxe7 27. Kxh2
Qd6+ 28. Kh1 Rdf8 29. Rb1 R8f6 30. Rh4 Qg3 31. Bxh7+ Kf8 32. Qd8+ Kf7 33. Bg8+
Kg6 34. Qe8+ Kf5 35. Qh5+ g5 36. Qh7+ Rg6 37. Qf7+ Rf6 38. Bh7+ 1-0

[Event "OSREDNJA SLOVENSKA LIGA 2025"]
[Site "gostovanja"]
[Date "2025.11.13"]
[Round "8.1"]
[White "Rici, Jurij"]
[Black "Okorn, Nejc"]
[Result "1-0"]
[WhiteElo "1900"]
[BlackElo "1919"]
[PlyCount "91"]
[EventDate "2025.09.18"]
[WhiteTeam "SK MEDVODE"]
[BlackTeam "SD VRHNIKA"]

1. d4 d5 2. Nf3 Nf6 3. e3 e6 4. c4 c6 5. Nc3 Nbd7 6. Bd3 dxc4 7. Bxc4 b5 8. Bd3
Bb7 9. a3 Bd6 10. O-O O-O 11. b3 e5 12. Bb2 Re8 13. dxe5 Nxe5 14. Be2 Qc7 15.
h3 Rad8 16. Qc2 a6 17. Rad1 c5 18. Nxe5 Rxe5 19. Nb1 Rg5 20. f3 Nd5 21. Bc1 Qe7
22. e4 Nf4 23. Bxf4 Bxf4 24. Rxd8+ Qxd8 25. Rd1 Be3+ 26. Kh1 Qe7 27. Qd3 Bd4
28. b4 Rxg2 29. bxc5 Rg3 30. Qxd4 Rxh3+ 31. Kg2 Qg5+ 32. Kf2 Qh4+ 33. Ke3 Qg5+
34. Kd3 h5 35. Nc3 f5 36. Rg1 fxe4+ 37. Kc2 Qe7 38. fxe4 Rh4 39. Bd3 Rh2+ 40.
Kb3 h4 41. Qd6 Qf7+ 42. Nd5 Qf2 43. Qe6+ Kh8 44. Qe8+ Kh7 45. e5+ Kh6 46. Qg6#
1-0

[Event "OSREDNJA SLOVENSKA LIGA 2025"]
[Site "gostovanja"]
[Date "2025.11.13"]
[Round "8.1"]
[White "Sever, Gasper"]
[Black "Porenta, Matija"]
[Result "1-0"]
[WhiteElo "1856"]
[BlackElo "1831"]
[PlyCount "133"]
[EventDate "2025.09.18"]
[WhiteTeam "SD VRHNIKA"]
[BlackTeam "SK MEDVODE"]

1. e4 c5 2. Nf3 d6 3. d4 cxd4 4. Nxd4 Nf6 5. Nc3 a6 6. f3 Nc6 7. Be3 e6 8. Qd2
Be7 9. g4 Qc7 10. O-O-O Bd7 11. Nb3 Na5 12. Nxa5 Qxa5 13. Bf4 e5 14. Bg5 Be6
15. Kb1 Rc8 16. a3 b5 17. Bxf6 gxf6 18. Nd5 Qxd2 19. Rxd2 Bxd5 20. Rxd5 Rc5 21.
Rxc5 dxc5 22. a4 c4 23. axb5 axb5 24. b3 Bc5 25. bxc4 b4 26. Kb2 Ke7 27. Bd3
Ra8 28. Rb1 Ra3 29. Kc1 h6 30. Kd2 Kf8 31. h4 Kg7 32. Rf1 Bd6 33. Ke2 Kf8 34.
Rb1 Bc5 35. Kf1 Kg7 36. Kg2 Kf8 37. Kg3 Kg7 38. Rd1 Bd4 39. Be2 Kf8 40. g5 fxg5
41. hxg5 hxg5 42. Kg4 Ke7 43. Rh1 b3 44. cxb3 Rxb3 45. Kxg5 Re3 46. Rh2 Rc3 47.
Kf5 Rc1 48. Bd3 Rc3 49. Rd2 Be3 50. Rd1 Bd4 51. Kg4 Ke6 52. Bf1 Be3 53. Ra1 Rb3
54. c5 Rc3 55. Ra6+ Ke7 56. c6 Kd6 57. Bb5 Rc5 58. Rb6 Rc3 59. Rb7 Ke6 60. Ba4
f6 61. Bb3+ Kd6 62. Bd5 Kc5 63. Rf7 Kb6 64. Rxf6 Bd4 65. Rf7 Be3 66. Kf5 Bd4
67. Ke6 1-0

[Event "OSREDNJA SLOVENSKA LIGA 2025"]
[Site "gostovanja"]
[Date "2025.11.13"]
[Round "8.1"]
[White "Krupenko, Andrej"]
[Black "Redek, Leon"]
[Result "0-1"]
[WhiteElo "1525"]
[BlackElo "1735"]
[PlyCount "62"]
[EventDate "2025.09.18"]
[WhiteTeam "SK MEDVODE"]
[BlackTeam "SD VRHNIKA"]

1. d4 Nf6 2. Nf3 g6 3. c4 Bg7 4. Nc3 O-O 5. e4 d6 6. Be2 c5 7. d5 e6 8. Qc2
exd5 9. cxd5 a6 10. O-O b5 11. a4 b4 12. Nd1 Nbd7 13. Rb1 Re8 14. Bd3 Ng4 15.
Bf4 Nde5 16. Qe2 Nxd3 17. Qxd3 f5 18. Qc4 Rxe4 19. Qc1 Bb7 20. Bg5 Qd7 21. h3
Ne5 22. Nd2 Rd4 23. Ne3 Bxd5 24. Nxd5 Rxd5 25. b3 Qf7 26. Qc2 Nc6 27. Rfe1 Nd4
28. Qd1 Re5 29. Nf3 Rxe1+ 30. Nxe1 Re8 31. Bf4 Ne2+ 0-1

[Event "OSREDNJA SLOVENSKA LIGA 2025"]
[Site "gostovanja"]
[Date "2025.11.13"]
[Round "8.2"]
[White "Gantar, Jan"]
[Black "Markoja Jeraj, Sebastijan"]
[Result "1/2-1/2"]
[WhiteElo "2178"]
[BlackElo "2212"]
[PlyCount "33"]
[EventDate "2025.09.18"]
[WhiteTeam "SK KOMENDA POPOTNIK"]
[BlackTeam "SK DOL PRI LJUBLJANI"]

1. Nf3 Nf6 2. c4 g6 3. g3 Bg7 4. Bg2 d6 5. O-O O-O 6. d3 e5 7. Nc3 c6 8. Rb1
Re8 9. e4 h6 10. Re1 a5 11. h3 Na6 12. a3 Nc7 13. b4 axb4 14. axb4 b5 15. cxb5
Nxb5 16. Nxb5 cxb5 17. Bb2 1/2-1/2

[Event "OSREDNJA SLOVENSKA LIGA 2025"]
[Site "gostovanja"]
[Date "2025.11.13"]
[Round "8.2"]
[White "Azinovic, Igor"]
[Black "Lucovnik, Tilen"]
[Result "0-1"]
[WhiteElo "1792"]
[BlackElo "2154"]
[PlyCount "104"]
[EventDate "2025.09.18"]
[WhiteTeam "SK DOL PRI LJUBLJANI"]
[BlackTeam "SK KOMENDA POPOTNIK"]

1. e4 d6 2. d4 Nf6 3. Nc3 e5 4. Nf3 Nbd7 5. a4 Be7 6. a5 exd4 7. Nxd4 Nc5 8.
Bb5+ Bd7 9. O-O c6 10. Bd3 O-O 11. Bf4 Ng4 12. Be2 Ne5 13. Be3 Bf6 14. f4 Ng6
15. Nf3 Bxc3 16. Bxc5 dxc5 17. bxc3 Nxf4 18. Bc4 Be6 19. Bxe6 Nxe6 20. Qe2 Qc7
21. Nh4 Rad8 22. Nf5 Qe5 23. Rf3 Nf4 24. Qf2 Ng6 25. Ng3 Rd7 26. Qe3 b6 27.
axb6 axb6 28. Rb1 Qc7 29. Nf5 Rfd8 30. Rf2 Rd1+ 31. Rxd1 Rxd1+ 32. Rf1 Rxf1+
33. Kxf1 Qxh2 34. Qd3 Qc7 35. Qa6 Qf4+ 36. Kg1 Qxe4 37. Qc8+ Nf8 38. Kf1 g6 39.
Nh6+ Kg7 40. Ng4 Ne6 41. Nf2 Qc4+ 42. Nd3 Qxc3 43. Qxc6 Qxc2 44. Qe4 Qd1+ 45.
Kf2 Qd2+ 46. Kf1 Qg5 47. g4 b5 48. Kg2 c4 49. Ne5 c3 50. Nf3 Qf4 51. Qc6 Qxg4+
52. Kf2 Nd4 0-1

[Event "OSREDNJA SLOVENSKA LIGA 2025"]
[Site "gostovanja"]
[Date "2025.11.13"]
[Round "8.2"]
[White "Zidar, Jernej"]
[Black "Repe, Jure"]
[Result "1-0"]
[WhiteElo "2036"]
[BlackElo "1763"]
[PlyCount "53"]
[EventDate "2025.09.18"]
[WhiteTeam "SK KOMENDA POPOTNIK"]
[BlackTeam "SK DOL PRI LJUBLJANI"]

1. d4 d5 2. c4 e6 3. Nf3 Nf6 4. g3 Be7 5. Bg2 O-O 6. O-O dxc4 7. Qc2 b5 8. a4
b4 9. Ne5 Nd5 10. Nxc4 c5 11. dxc5 Bxc5 12. Rd1 Nd7 13. Nbd2 Rb8 14. Nb3 Qe7
15. e4 N5b6 16. Nca5 Bb7 17. Nxb7 Rxb7 18. a5 Na8 19. Qe2 Rc7 20. e5 Rfc8 21.
Be4 Nf8 22. h4 Rd7 23. Bg5 Rxd1+ 24. Rxd1 Qe8 25. Nxc5 Rxc5 26. Rd8 Rc1+ 27.
Kh2 1-0

[Event "OSREDNJA SLOVENSKA LIGA 2025"]
[Site "gostovanja"]
[Date "2025.11.13"]
[Round "8.2"]
[White "Magerl, Zan"]
[Black "Gabrovsek, Domen"]
[Result "1/2-1/2"]
[WhiteElo "1677"]
[BlackElo "1744"]
[PlyCount "68"]
[EventDate "2025.09.18"]
[WhiteTeam "SK DOL PRI LJUBLJANI"]
[BlackTeam "SK KOMENDA POPOTNIK"]

1. e4 d6 2. d4 Nf6 3. Nc3 g6 4. Bg5 c6 5. Nf3 b5 6. e5 Nh5 7. exd6 Qxd6 8. Be2
h6 9. Be3 Bg7 10. Qd2 Nf6 11. Bf4 Qd8 12. O-O Be6 13. Rfd1 a6 14. Ne5 Qc8 15.
Bf3 Nd5 16. Nxd5 Bxd5 17. Bxd5 cxd5 18. a4 bxa4 19. Rxa4 Nd7 20. Nxd7 Qxd7 21.
Rda1 g5 22. Bg3 Qb7 23. c3 O-O 24. Qe2 f5 25. Qe6+ Kh7 26. Be5 Bxe5 27. dxe5
Qxb2 28. g3 Qxc3 29. Rxa6 Rxa6 30. Rxa6 Qe1+ 31. Kg2 Qe4+ 32. Kf1 Qh1+ 33. Ke2
Qe4+ 34. Kf1 Qh1+ 1/2-1/2

[Event "OSREDNJA SLOVENSKA LIGA 2025"]
[Site "gostovanja"]
[Date "2025.11.13"]
[Round "8.3"]
[White "Skok, Boris"]
[Black "Ivanec, Dezider"]
[Result "1/2-1/2"]
[WhiteElo "1945"]
[BlackElo "2032"]
[PlyCount "122"]
[EventDate "2025.09.18"]
[WhiteTeam "SD CRNI GRABEN"]
[BlackTeam "DRUSTVO KPSRD KAREL JERAJ"]

1. d4 Nf6 2. c4 e6 3. Nf3 Bb4+ 4. Nbd2 O-O 5. a3 Bxd2+ 6. Bxd2 Ne4 7. Bf4 d6 8.
Qc2 f5 9. h4 Nd7 10. e3 Ndf6 11. Bd3 a5 12. Ng5 e5 13. Bh2 Nxg5 14. hxg5 Ng4
15. dxe5 dxe5 16. g6 h6 17. O-O-O Qe7 18. Bg3 e4 19. Be2 Ra6 20. Bxg4 fxg4 21.
Rd5 Rxg6 22. Rxa5 Rc6 23. Re5 Qf7 24. b3 Be6 25. Kb2 Rd8 26. Rd1 Rxd1 27. Qxd1
Rd6 28. Qc2 Qd7 29. Kc1 Rd3 30. Ra5 c6 31. Ra7 Qe7 32. Be5 Qg5 33. Qb2 Rd7 34.
Bg3 Qh5 35. Qe5 Qh1+ 36. Kb2 Rd2+ 37. Kc3 Rd3+ 38. Kb4 Qe1+ 39. Kc5 Bf7 40.
Qb8+ Kh7 41. Qxb7 Qc3 42. Qxf7 Rd5+ 43. Kxc6 Rg5 44. Ra8 Qxb3 45. Qg8+ Kg6 46.
Qe6+ Kh5 47. Kc7 Qc3 48. Qf7+ g6 49. Bd6 Rf5 50. Qe6 Qg7+ 51. Kc6 Rxf2 52. Rg8
Qh7 53. Qe5+ Rf5 54. Qh2+ Kg5 55. Re8 h5 56. Be7+ Kh6 57. Qb8 Qf7 58. Bf8+ Kg5
59. Be7+ Kh6 60. Bf8+ Kg5 61. Be7+ Kh6 1/2-1/2

[Event "OSREDNJA SLOVENSKA LIGA 2025"]
[Site "gostovanja"]
[Date "2025.11.13"]
[Round "8.3"]
[White "Majcen, Zoran"]
[Black "Stimec, Marjan"]
[Result "1/2-1/2"]
[WhiteElo "1904"]
[BlackElo "1842"]
[PlyCount "70"]
[EventDate "2025.09.18"]
[WhiteTeam "SD CRNI GRABEN"]
[BlackTeam "DRUSTVO KPSRD KAREL JERAJ"]

1. e4 c6 2. d4 Qc7 3. e5 d5 4. f4 e6 5. Nf3 g6 6. Bd3 Ne7 7. O-O Bg7 8. Qe1 Nd7
9. b3 b6 10. Ba3 c5 11. Qh4 a6 12. Nbd2 Nf5 13. Bxf5 exf5 14. Rae1 Nf8 15. c4
Be6 16. cxd5 Bxd5 17. Rc1 Ne6 18. Ne4 O-O 19. dxc5 bxc5 20. Neg5 Nxg5 21. Qxg5
f6 22. exf6 Bxf6 23. Qg3 Bd4+ 24. Kh1 a5 25. Rfd1 Rfe8 26. Ne5 Bxe5 27. fxe5
Qxe5 28. Qxe5 Rxe5 29. Rxc5 Rae8 30. Kg1 Re1+ 31. Rxe1 Rxe1+ 32. Kf2 Ra1 33.
Rc8+ Kf7 34. Rc7+ Ke6 35. Re7+ Kf6 1/2-1/2

[Event "OSREDNJA SLOVENSKA LIGA 2025"]
[Site "gostovanja"]
[Date "2025.11.13"]
[Round "8.3"]
[White "Mlacnik, Janez"]
[Black "Krulej, Marko"]
[Result "0-1"]
[WhiteElo "1875"]
[BlackElo "1557"]
[PlyCount "44"]
[EventDate "2025.09.18"]
[WhiteTeam "DRUSTVO KPSRD KAREL JERAJ"]
[BlackTeam "SD CRNI GRABEN"]

1. e4 e5 2. Nf3 d6 3. Bc4 h6 4. O-O Bg4 5. h3 Bh5 6. Nc3 c6 7. d3 Be7 8. Be3
Nf6 9. Qe2 O-O 10. g4 Bg6 11. Nh4 d5 12. Nxg6 fxg6 13. exd5 cxd5 14. Nxd5 Nxd5
15. Bxh6 gxh6 16. Qe4 Kh7 17. Bxd5 Nd7 18. Bxb7 Nc5 19. Bxa8 Nxe4 20. Bxe4 Bc5
21. Kg2 Qh4 22. f3 Be3 0-1

[Event "OSREDNJA SLOVENSKA LIGA 2025"]
[Site "gostovanja"]
[Date "2025.11.13"]
[Round "8.4"]
[White "Bratovic, Blaz"]
[Black "Persl, Bojan"]
[Result "1-0"]
[WhiteElo "2291"]
[BlackElo "2039"]
[PlyCount "41"]
[EventDate "2025.09.18"]
[WhiteTeam "SK TRZIN BUSCOTRADE"]
[BlackTeam "SK LJUBLJANA TAJFUN"]

1. e4 c5 2. Nf3 d6 3. d4 cxd4 4. Nxd4 Nf6 5. Nc3 a6 6. Be2 e6 7. O-O Be7 8. f4
Qc7 9. Kh1 b5 10. e5 dxe5 11. fxe5 Nd5 12. Nxe6 fxe6 13. Nxd5 exd5 14. Qxd5 Rf8
15. Bh6 Qc6 16. Bh5+ g6 17. Rxf8+ Bxf8 18. Qg8 Qc5 19. Rf1 Nd7 20. Bg4 Qc4 21.
Rxf8+ 1-0

[Event "OSREDNJA SLOVENSKA LIGA 2025"]
[Site "gostovanja"]
[Date "2025.11.13"]
[Round "8.4"]
[White "Srebrnic, Vojko"]
[Black "Lah, Emil"]
[Result "1/2-1/2"]
[WhiteElo "1964"]
[BlackElo "1953"]
[PlyCount "198"]
[EventDate "2025.09.18"]
[WhiteTeam "SK LJUBLJANA TAJFUN"]
[BlackTeam "SK TRZIN BUSCOTRADE"]

1. e4 c5 2. Nc3 Nc6 3. f4 g6 4. Nf3 Bg7 5. Bb5 Nd4 6. a4 a6 7. Bd3 d6 8. Nxd4
cxd4 9. Ne2 e5 10. O-O Nf6 11. b3 O-O 12. Ba3 Re8 13. fxe5 dxe5 14. Ng3 Be6 15.
Qe2 Rc8 16. h3 h5 17. Qf2 h4 18. Ne2 Nh5 19. Rad1 Rc7 20. Bb4 Rd7 21. a5 Bh6
22. Qf3 Nf4 23. Nxf4 Bxf4 24. Qe2 Qg5 25. Rf3 Kg7 26. Bc4 f5 27. Bxe6 Rxe6 28.
Rdf1 fxe4 29. Qxe4 Qf5 30. Re1 Qxe4 31. Rxe4 Rc6 32. c4 g5 33. Kf1 Kf6 34. Ke2
Kf5 35. d3 b5 36. c5 Rdc7 37. Kf1 Rxc5 38. Bxc5 Rxc5 39. Re2 b4 40. Ra2 Rc3 41.
Rb2 e4 42. dxe4+ Kxe4 43. Re2+ Be3 44. Rf6 Rxb3 45. Rxa6 Ra3 46. Rb6 b3 47. a6
Kd5 48. Rb2 Ra1+ 49. Ke2 Ra2 50. R6xb3 Rxa6 51. Kd3 Rc6 52. Rb5+ Rc5 53. Rxc5+
Kxc5 54. Ke4 Kc6 55. Rb8 Kd6 56. Rd8+ Ke6 57. Rd5 Kf6 58. Rd6+ Ke7 59. Ra6 Kf7
60. Kf5 Ke7 61. Re6+ Kf7 62. Re4 Kg7 63. Re7+ Kf8 64. Rd7 Ke8 65. Ke6 Kf8 66.
Kf6 Kg8 67. Rd5 Kh7 68. Rd8 Bc1 69. Rd7+ Kh6 70. Kf5 Be3 71. Kf6 Bc1 72. Kf7
Be3 73. Rd5 Kh7 74. Rd8 Bf2 75. Kf6 Be3 76. Rd7+ Kg8 77. Rd5 Kh7 78. Rd8 Bc1
79. Rd7+ Kh6 80. Kf5 Be3 81. Kf6 Bc1 82. Kf7 Be3 83. Rd5 Kh7 84. Rd8 Bf2 85.
Kf6 Be3 86. Rd7+ Kg8 87. Rd8+ Kh7 88. Kf7 Bf2 89. Rd6 Be3 90. Kf6 Bc1 91. Rd7+
Kh6 92. Kf5 Be3 93. Kg4 Kg6 94. Rd6+ Kf7 95. Kf3 Ke7 96. Ra6 Bf4 97. Rb6 d3 98.
Rb3 d2 99. Ke2 Ke6 1/2-1/2

[Event "OSREDNJA SLOVENSKA LIGA 2025"]
[Site "gostovanja"]
[Date "2025.11.13"]
[Round "8.4"]
[White "Krupenko, Peter"]
[Black "Borstar, Dusan"]
[Result "1-0"]
[WhiteElo "1968"]
[BlackElo "1838"]
[PlyCount "91"]
[EventDate "2025.09.18"]
[WhiteTeam "SK TRZIN BUSCOTRADE"]
[BlackTeam "SK LJUBLJANA TAJFUN"]

1. c4 Nf6 2. Nf3 e6 3. g3 b6 4. Bg2 Bb7 5. O-O Be7 6. Nc3 O-O 7. d4 d6 8. b3
Nbd7 9. Bb2 Ne4 10. Qc2 Nxc3 11. Bxc3 Nf6 12. Rad1 Be4 13. Qc1 Nd7 14. Rfe1 c6
15. Bh3 d5 16. Nd2 Bg6 17. e4 Nf6 18. e5 Ne4 19. Nxe4 Bxe4 20. Qe3 Bg5 21. Qe2
Bg6 22. Bg2 h6 23. f4 Be7 24. Rf1 Qc7 25. g4 Qd7 26. Qf2 f5 27. exf6 Rxf6 28.
Qe3 Raf8 29. cxd5 exd5 30. f5 Bh7 31. Be1 Bd6 32. Bh4 Re8 33. Qc3 Rf7 34. Rc1
Ba3 35. Rce1 a5 36. Rxe8+ Qxe8 37. Re1 Qd7 38. Re6 g5 39. Bg3 c5 40. Rxb6 Bxf5
41. gxf5 Qxf5 42. Qe1 cxd4 43. h3 d3 44. Qxa5 Bc1 45. Rb8+ Kg7 46. Qc3+ 1-0

[Event "OSREDNJA SLOVENSKA LIGA 2025"]
[Site "gostovanja"]
[Date "2025.11.13"]
[Round "8.4"]
[White "Tomazin Kosorok, Tadej"]
[Black "Abe, Blaz"]
[Result "1/2-1/2"]
[WhiteElo "1614"]
[BlackElo "1791"]
[PlyCount "67"]
[EventDate "2025.09.18"]
[WhiteTeam "SK LJUBLJANA TAJFUN"]
[BlackTeam "SK TRZIN BUSCOTRADE"]

1. e4 d5 2. exd5 Qxd5 3. Nc3 Qa5 4. Bc4 Nf6 5. d3 c6 6. h3 g6 7. Nf3 Bg7 8. Bd2
Qc7 9. O-O O-O 10. Qc1 Nbd7 11. Bf4 e5 12. Bh6 b5 13. Bb3 Nc5 14. Bxg7 Kxg7 15.
Re1 Nxb3 16. axb3 Re8 17. Qg5 Nd7 18. d4 f6 19. Qg3 Bb7 20. dxe5 Nxe5 21. Nxe5
fxe5 22. Re2 Re7 23. Rae1 Rae8 24. Qh4 c5 25. f4 b4 26. Na4 Qc6 27. Qg3 exf4
28. Rxe7+ Rxe7 29. Rxe7+ Kf8 30. Qxf4+ Kxe7 31. Qe5+ Kf7 32. Qf4+ Kg7 33. Qe5+
Kg8 34. Qb8+ 1/2-1/2

[Event "OSREDNJA SLOVENSKA LIGA 2025"]
[Site "gostovanja"]
[Date "2025.11.13"]
[Round "8.5"]
[White "Mulec, Dejan"]
[Black "Kastelic, Marjan"]
[Result "0-1"]
[WhiteElo "1724"]
[BlackElo "2235"]
[PlyCount "80"]
[EventDate "2025.09.18"]
[WhiteTeam "SK LOSKA DOLINA"]
[BlackTeam "SK VISNJA GORA 1"]

1. d4 Nf6 2. c4 g6 3. Nf3 Bg7 4. g3 O-O 5. Bg2 c5 6. d5 d6 7. Nc3 e5 8. dxe6
Bxe6 9. Ng5 Nc6 10. Nxe6 fxe6 11. O-O Qe7 12. Bg5 h6 13. Bxf6 Bxf6 14. Qd2 Bg7
15. Rad1 Rad8 16. f4 a6 17. b3 g5 18. fxg5 Bxc3 19. Qxc3 Nd4 20. Qd2 hxg5 21.
Qd3 Rxf1+ 22. Rxf1 Rf8 23. Qg6+ Qg7 24. Rxf8+ Kxf8 25. Qxg7+ Kxg7 26. Bxb7
Nxe2+ 27. Kf2 Nc1 28. Bxa6 Nxa2 29. Bc8 Kf6 30. Ke3 Nc1 31. h4 gxh4 32. gxh4
Nxb3 33. Kf4 Nd2 34. Ba6 Kg6 35. Kg4 Ne4 36. Bc8 Kf6 37. h5 Nf2+ 38. Kf3 Nd3
39. Ke4 Ne5 40. h6 Nf7 0-1

[Event "OSREDNJA SLOVENSKA LIGA 2025"]
[Site "gostovanja"]
[Date "2025.11.13"]
[Round "8.5"]
[White "Medvesek, Janez"]
[Black "Bucan, Luka"]
[Result "1-0"]
[WhiteElo "1962"]
[BlackElo "1706"]
[PlyCount "54"]
[EventDate "2025.09.18"]
[WhiteTeam "SK VISNJA GORA 1"]
[BlackTeam "SK LOSKA DOLINA"]

1. d4 Nf6 2. c4 e6 3. Nc3 d5 4. Bg5 c6 5. Nf3 Be7 6. e3 Nbd7 7. Rc1 O-O 8. Bd3
b6 9. O-O Bb7 10. cxd5 cxd5 11. Qb3 Rc8 12. a4 Nb8 13. Nb5 a5 14. Bf4 Na6 15.
h3 Ne8 16. Na7 Rxc1 17. Rxc1 Nb4 18. Ne5 Bd6 19. Nec6 Bxc6 20. Nxc6 Qc7 21.
Bxd6 Nxd6 22. Bb5 Nxb5 23. axb5 Qd6 24. Nxb4 axb4 25. Rc6 Qe7 26. Rxb6 g6 27.
Rc6 Ra8 {nejasno (36)} 1-0

[Event "OSREDNJA SLOVENSKA LIGA 2025"]
[Site "gostovanja"]
[Date "2025.11.13"]
[Round "8.5"]
[White "Soba, Franc"]
[Black "Baric, Dusan"]
[Result "0-1"]
[WhiteElo "1511"]
[BlackElo "1934"]
[PlyCount "84"]
[EventDate "2025.09.18"]
[WhiteTeam "SK LOSKA DOLINA"]
[BlackTeam "SK VISNJA GORA 1"]

1. d4 Nf6 2. c4 g6 3. Nf3 Bg7 4. g3 d6 5. Bg2 O-O 6. O-O Nc6 7. d5 Na5 8. Nbd2
b6 9. Rb1 Bf5 10. Ra1 Qd7 11. Re1 Bh3 12. Rb1 Bxg2 13. Kxg2 c6 14. b4 Nb7 15.
e4 e6 16. e5 Ng4 17. Bb2 Nxe5 18. Nxe5 dxe5 19. Bxe5 cxd5 20. cxd5 Qxd5+ 21.
Nf3 Rfd8 22. Qxd5 Rxd5 23. Bxg7 Kxg7 24. Rbd1 Rad8 25. Rxd5 Rxd5 26. Re5 Rd3
27. Re3 Rxe3 28. fxe3 a5 29. bxa5 bxa5 30. Nd4 e5 31. Nc2 e4 32. g4 Kf6 33. h4
h6 34. Kg3 g5 35. h5 a4 36. Nd4 Nd6 37. a3 Nc4 38. Nc2 Ke5 39. Kf2 Nd6 40. Nd4
Kd5 41. Ke2 Kc5 42. Kd2 Nc4+ 0-1

[Event "OSREDNJA SLOVENSKA LIGA 2025"]
[Site "gostovanja"]
[Date "2025.11.13"]
[Round "8.6"]
[White "Smirnov, Maksim"]
[Black "Pisek, Igor"]
[Result "1-0"]
[WhiteElo "2106"]
[BlackElo "1842"]
[PlyCount "69"]
[EventDate "2025.09.18"]
[WhiteTeam "GIMNAZIJA KRANJ"]
[BlackTeam "SK VISNJA GORA 2"]

1. d4 f5 2. Nf3 Nf6 3. e3 e6 4. c4 Bb4+ 5. Bd2 Qe7 6. a3 Bxd2+ 7. Qxd2 b6 8.
Nc3 Bb7 9. d5 e5 10. Be2 O-O 11. b4 a6 12. O-O d6 13. Qc2 g6 14. e4 Nxe4 15.
Nxe4 fxe4 16. Nd2 Bc8 17. Qxe4 Bf5 18. Qe3 Nd7 19. Rac1 Nf6 20. Rfd1 Kg7 21.
Nf1 a5 22. Ng3 h6 23. c5 bxc5 24. bxc5 Rfd8 25. c6 Qf7 26. Bf3 Rdb8 27. Rc4 a4
28. Rh4 Ng8 29. h3 Rb3 30. Qc1 g5 31. Rc4 Bxh3 32. Bh5 Qf6 33. gxh3 Ne7 34. Bg4
Rab8 35. Nh5+ 1-0

[Event "OSREDNJA SLOVENSKA LIGA 2025"]
[Site "gostovanja"]
[Date "2025.11.13"]
[Round "8.6"]
[White "Kirasic, Branko"]
[Black "Kocjancic, Luka"]
[Result "1-0"]
[WhiteElo "1938"]
[BlackElo "1588"]
[PlyCount "31"]
[EventDate "2025.09.18"]
[WhiteTeam "SK VISNJA GORA 2"]
[BlackTeam "GIMNAZIJA KRANJ"]

1. e4 c5 2. Nf3 Nc6 3. d4 cxd4 4. Nxd4 e6 5. Nc3 a6 6. a4 Nge7 7. Be3 g6 8. h4
Bg7 9. h5 gxh5 10. Rxh5 d5 11. Nxc6 bxc6 12. Bd4 f6 13. exd5 cxd5 14. Qg4 Ng6
15. Rxh7 Kf7 16. Bd3 1-0

[Event "OSREDNJA SLOVENSKA LIGA 2025"]
[Site "gostovanja"]
[Date "2025.11.13"]
[Round "8.7"]
[White "Novakovic, Julian"]
[Black "Veskovic, Dzemal"]
[Result "1-0"]
[WhiteElo "1950"]
[BlackElo "1885"]
[PlyCount "75"]
[EventDate "2025.09.18"]
[WhiteTeam "ZELENCI LPP"]
[BlackTeam "SD MENGES - TRZIN"]

1. Nf3 e6 2. d4 d6 3. c4 Be7 4. e4 Nd7 5. Nc3 c6 6. Bf4 c5 7. Nb5 Qa5+ 8. Qd2
Qxd2+ 9. Kxd2 Kd8 10. Nxd6 Bxd6 11. Bxd6 cxd4 12. Nxd4 Ngf6 13. f3 a6 14. c5
Ne8 15. Rc1 Nxd6 16. cxd6 g6 17. Bc4 e5 18. Ne2 Rf8 19. Nc3 Nb6 20. Nd5 Nxc4+
21. Rxc4 Be6 22. Nb6 Bxc4 23. Nxa8 Bxa2 24. Nb6 Be6 25. Rc1 f5 26. Rc7 fxe4 27.
Rxb7 Ke8 28. Re7+ Kd8 29. Rxe6 exf3 30. gxf3 Rxf3 31. Rxe5 Rb3 32. Nc4 Rh3 33.
Re7 Rxh2+ 34. Kc3 Rh3+ 35. Kb4 Rh4 36. Kc5 h5 37. Ne5 Rh2 38. Nc6+ 1-0

[Event "OSREDNJA SLOVENSKA LIGA 2025"]
[Site "gostovanja"]
[Date "2025.11.13"]
[Round "8.7"]
[White "Sedlar, Tomo"]
[Black "Levacic, Matic"]
[Result "1/2-1/2"]
[WhiteElo "1871"]
[BlackElo "1875"]
[PlyCount "144"]
[EventDate "2025.09.18"]
[WhiteTeam "SD MENGES - TRZIN"]
[BlackTeam "ZELENCI LPP"]

1. d4 d5 2. c4 dxc4 3. Nc3 a6 4. a4 Nc6 5. Nf3 Bg4 6. Bf4 Bxf3 7. exf3 Qxd4 8.
Nd5 Rd8 9. Nxc7+ Kd7 10. Nd5 e5 11. Be3 Qxd1+ 12. Rxd1 Kc8 13. Bxc4 Kb8 14. O-O
Nh6 15. Bb6 Rd7 16. Nb4 Nd4 17. Nc2 Nhf5 18. Ne3 g6 19. Nxf5 gxf5 20. Bd3 f4
21. Kh1 Bb4 22. Be4 Rd6 23. a5 Rf8 24. Rc1 Nb5 25. Rfd1 f5 26. Bd3 Rf7 27. Rc4
Rfd7 28. Rdc1 Bc3 29. bxc3 Rxd3 30. h3 Rd1+ 31. Rxd1 Rxd1+ 32. Kh2 Rd7 33. Rc5
Re7 34. Rd5 Re8 35. c4 Nc3 36. Rd7 e4 37. Kg1 Na2 38. Rf7 e3 39. Kf1 e2+ 40.
Ke1 Nb4 41. Be3 fxe3 42. Kxe2 exf2+ 43. Kxf2 Nd3+ 44. Kg1 f4 45. Rxh7 Rg8 46.
Rf7 Rh8 47. Rd7 Ne5 48. Rd4 Nc6 49. Rxf4 Nxa5 50. Kh2 Nc6 51. g4 a5 52. Kg3 a4
53. c5 a3 54. Ra4 Ne5 55. Rxa3 Nd7 56. Ra5 Kc7 57. g5 Kc6 58. f4 Nxc5 59. Kg4
b6 60. Ra2 b5 61. g6 b4 62. f5 Ne4 63. Kf4 Nc3 64. Rb2 Kd6 65. Kg4 Nd5 66. h4
Ke5 67. Kg5 Nf6 68. Re2+ Ne4+ 69. Kg4 Re8 70. g7 Rg8 71. f6 Kxf6 72. Rxe4 Rxg7+
1/2-1/2

[Event "OSREDNJA SLOVENSKA LIGA 2025"]
[Site "gostovanja"]
[Date "2025.11.13"]
[Round "8.7"]
[White "Novakovic, Gosto"]
[Black "Simicak, Metod"]
[Result "1/2-1/2"]
[WhiteElo "1841"]
[BlackElo "1875"]
[PlyCount "124"]
[EventDate "2025.09.18"]
[WhiteTeam "ZELENCI LPP"]
[BlackTeam "SD MENGES - TRZIN"]

1. e4 e5 2. f4 exf4 3. Nf3 d5 4. exd5 Be7 5. Bc4 Bh4+ 6. Kf1 Bg4 7. Qe2+ Be7 8.
d4 g5 9. Nc3 Nf6 10. h3 Bxf3 11. Qxf3 Nbd7 12. Bd2 a6 13. Re1 Nb6 14. Bb3 Qd6
15. a3 O-O-O 16. Ne4 Nxe4 17. Qxe4 Bf6 18. Qf5+ Kb8 19. Bb4 Qd7 20. Qxf6 Nxd5
21. Bxd5 Qxd5 22. Bc3 Rhg8 23. Re5 Qc4+ 24. Kf2 Rd6 25. Qe7 Qa4 26. Qxf7 Qxc2+
27. Re2 Qg6 28. Qxg6 Rgxg6 29. Re7 h6 30. Rhe1 b6 31. R1e4 a5 32. Rf7 Rd5 33.
Ree7 Rc6 34. a4 Rd8 35. Kf3 Rc4 36. Rh7 Rd6 37. Re8+ Kb7 38. Reh8 Re6 39. Rxh6
Re3+ 40. Kf2 Rxa4 41. Rg8 Ra2 42. Kg1 Rg3 43. Rhg6 Rd3 44. Rxg5 Rd1+ 45. Kf2
Rd3 46. Ke1 f3 47. gxf3 Rxf3 48. Rg3 Rf5 49. R8g5 Rf4 50. R5g4 Rf5 51. h4 Ka6
52. Rg7 Ra1+ 53. Ke2 Rh5 54. R3g4 Rh1 55. Rxc7 R1xh4 56. Rxh4 Rxh4 57. d5 Rh6
58. Rc6 Rh5 59. Bd4 Kb5 60. Rxb6+ Kc4 61. Bc3 Rxd5 62. Ra6 Kb3 1/2-1/2

[Event "OSREDNJA SLOVENSKA LIGA 2025"]
[Site "gostovanja"]
[Date "2025.11.13"]
[Round "8.7"]
[White "Ocepek, Marjan"]
[Black "Novakovic, Novica"]
[Result "1/2-1/2"]
[WhiteElo "1720"]
[BlackElo "1764"]
[PlyCount "75"]
[EventDate "2025.09.18"]
[WhiteTeam "SD MENGES - TRZIN"]
[BlackTeam "ZELENCI LPP"]

1. Nf3 c6 2. d4 d5 3. g3 Nf6 4. Bg2 Bf5 5. O-O e6 6. Bg5 Be7 7. Nbd2 O-O 8. e3
h6 9. Bxf6 Bxf6 10. Rc1 Nd7 11. Qe2 Bg4 12. h3 Bh5 13. g4 Bg6 14. c4 Re8 15. b3
Qe7 16. Rfe1 Qa3 17. Nf1 Qd6 18. c5 Qc7 19. Ng3 e5 20. Qd2 Rad8 21. b4 a6 22.
a4 Ra8 23. a5 Rad8 24. Re2 e4 25. Nh2 Nf8 26. Rd1 Rd7 27. Rde1 Rde7 28. Nhf1
Bh4 29. Kh2 Ne6 30. Kg1 Ng5 31. Rd1 Re6 32. Kh2 Rf6 33. Qe1 h5 34. Rc1 Ree6 35.
Rec2 hxg4 36. hxg4 Nf3+ 37. Bxf3 Rxf3 38. Kg2 1/2-1/2